| 000 -LEADER |
| fixed length control field |
00329nam a2200109Ia 4500 |
| 008 - FIXED-LENGTH DATA ELEMENTS--GENERAL INFORMATION |
| fixed length control field |
200302s9999 xx 000 0 und d |
| 100 ## - MAIN ENTRY--PERSONAL NAME |
| Personal name |
David Clark |
| 245 ## - TITLE STATEMENT |
| Title |
Plane and Geodetic Surveying for Engineers Plane Surveyig Vol 2 6th ed., |
| 260 ## - PUBLICATION, DISTRIBUTION, ETC. |
| Name of publisher, distributor, etc. |
C BC Publishers and Distributors Pvt., Ltd., |
| 260 ## - PUBLICATION, DISTRIBUTION, ETC. |
| Date of publication, distribution, etc. |
2004 |
| 300 ## - PHYSICAL DESCRIPTION |
| Extent |
288 P., |